000 00766nam a22002537a 4500
001 BR2015003741
003 BR-BrBNA
005 20230928104651.0
007 ta
008 230509b bl.||||| |||| 00| 0 por d
040 _aBR-BrBNA
_bpor
_cBiblioteca Nacional de Agricultura
041 _a(Por)
072 _aD50; P01
090 _ D50 BR2015003741
110 1 _aCâmara dos Deputados, Brasília, DF (Brasil). Centro de Documentação e Informação
_91315
245 1 _aPolítica nacional de resíduos sólidos
_bSérie Legislação N. 48
260 3 _aBrasília, DF (Brasil):
_c2010.
300 _a52 p.
650 _aPOLÍTICA AMBIENTAL
650 _aRESÍDUO SÓLIDO
650 _aLEGISLAÇÃO
909 _a202309
_bLucia
_c55
_dLucia Elande
942 _cBK
999 _c81119
_d81119